000
00356nam a2200157Ia 4500
003
OSt
005
20240221114052.0
008
170524s9999 xx 000 0 und d
020
_a
978-9351427964
040
_c
IIMT UNIVERSITY
100
_a
PERIASAMY P
100
_c
2012
245
0
_a
WORKING CAPITAL MANAGEMENT
260
_a
HIMALAYA
942
_2
ddc
_c
01
999
_c
2949
_d
2949